Messel (Registro nro. 310695)
[ vista simple ]
| 000 -ENCABEZADO | |
|---|---|
| Número de control [NR] | 01438cam a2200385Ii 4500 |
| 001 - NÚMERO DE CONTROL | |
| control field | on1054359916 |
| 003 - IDENTIFICADOR DE CONTROL NÚMERO | |
| control field | Co-BoUCM |
| 005 - FECHA Y HORA DE LA ÚLTIMA TRANSACCIÓN | |
| control field | 20181005094827.0 |
| 008 - DE LONGITUD FIJA DE DATOS DE ELEMENTOS - INFORMACIÓN GENERAL | |
| Elementos de longitud fija [NR] | 181005s2018 gw ab b 001 0 eng d |
| 020 ## - NUMERO INTERNACIONAL NORMALIZADO PARA LIBROS [R] | |
| Número Internacional Normalizado del libro [NR] | 9783510614110 |
| 020 ## - NUMERO INTERNACIONAL NORMALIZADO PARA LIBROS [R] | |
| Número Internacional Normalizado del libro [NR] | 3510614119 |
| 035 ## - NUMERO DE CONTROL DEL SISTEMA [R] | |
| Número de control del sistema [NR] | (OCoLC)1054359916 |
| 040 ## - FUENTE DE CATALOGACION [NR] | |
| Agencia de catalogación original [NR] | Co-BoUCM |
| Idioma de catalogación [NR] | spa |
| Quien Cataloga | Saul Niño |
| Quien Clasifica | Saul Niño |
| 041 1# - CODIGO DE IDIOMA [R] | |
| Código de idioma para texto/pista de sonido o título separado [R] | Inglés |
| Language code of original and/or intermediate translations of text | ger |
| 245 00 - MENCION DE TITULO [NR] | |
| Título [NR] | Messel |
| Parte restante del título [NR] | an ancient greenhouse ecosystem |
| Mención de responsabilidad, etc. [NR] | Krister T. Smith, Stephan F.K. Schaal, Jörg Habersetzer (eds) ; translation, Actitis Translations, Hendrik Herlyn |
| 260 ## - PUBLICACION, DISTRIBUCION, ETC. (PIE DE IMPRENTA) [R] | |
| Lugar de publicación, distribución, etc. [R] | Frankfurt am Main |
| Nombre del editor, distribuidor, etc. [R] | Leibniz association |
| Fecha de publicación, distribución, etc. [R] | 2018 |
| 300 ## - DESCRIPCION FISICA [R] | |
| Extensión [R] | xv, 355 páginas |
| Otros detalles físicos [NR] | ilustraciones |
| 490 0# - MENCION DE SERIE [R] | |
| Mención de serie [R] | Senckenberg-Buch |
| Designación numérica/secuencial del volumen [NR] | 80 |
| 500 ## - NOTA GENERAL [R] | |
| Nota general [NR] | English-language version of: Messel : ein fossiles Tropenökosystem. |
| 546 ## - NOTA DE IDIOMA [R] | |
| Nota de idioma [NR] | Texto en inglés |
| 650 #7 - ASIENTO SECUNDARIO DE MATERIA - TERMINO TEMATICO [R] | |
| Término temático o nombre geográfico como elemento de entrada [NR] | Ecología |
| Subdivisión geográfica [R] | Alemania |
| 9 (RLIN) | 13631 |
| 650 #7 - ASIENTO SECUNDARIO DE MATERIA - TERMINO TEMATICO [R] | |
| Término temático o nombre geográfico como elemento de entrada [NR] | Ecología |
| Subdivisión geográfica [R] | Messel Región |
| 9 (RLIN) | 13631 |
| 650 #7 - ASIENTO SECUNDARIO DE MATERIA - TERMINO TEMATICO [R] | |
| Término temático o nombre geográfico como elemento de entrada [NR] | Paleontología |
| 9 (RLIN) | 21015 |
| 650 #7 - ASIENTO SECUNDARIO DE MATERIA - TERMINO TEMATICO [R] | |
| Término temático o nombre geográfico como elemento de entrada [NR] | Animales extintos |
| 9 (RLIN) | 9116 |
| 650 #7 - ASIENTO SECUNDARIO DE MATERIA - TERMINO TEMATICO [R] | |
| Término temático o nombre geográfico como elemento de entrada [NR] | Estratigráfica |
| 9 (RLIN) | 16364 |
| Subdivisión general [R] | Geología |
| 650 #7 - ASIENTO SECUNDARIO DE MATERIA - TERMINO TEMATICO [R] | |
| Término temático o nombre geográfico como elemento de entrada [NR] | Fósiles |
| 9 (RLIN) | 16077 |
| 650 #7 - ASIENTO SECUNDARIO DE MATERIA - TERMINO TEMATICO [R] | |
| Término temático o nombre geográfico como elemento de entrada [NR] | Vertebrados |
| 9 (RLIN) | 26164 |
| 650 #7 - ASIENTO SECUNDARIO DE MATERIA - TERMINO TEMATICO [R] | |
| Término temático o nombre geográfico como elemento de entrada [NR] | Ciencias naturales |
| 9 (RLIN) | 10813 |
| 700 1# - ASIENTO SECUNDARIO - NOMBRE PERSONAL [R] | |
| Nombre personal [NR] | Smith, Krister T. |
| Término de relación [R] | editor |
| 9 (RLIN) | 93912 |
| 700 1# - ASIENTO SECUNDARIO - NOMBRE PERSONAL [R] | |
| Nombre personal [NR] | Schaal, Stephan |
| Término de relación [R] | editor |
| 9 (RLIN) | 93913 |
| 700 1# - ASIENTO SECUNDARIO - NOMBRE PERSONAL [R] | |
| Nombre personal [NR] | Habersetzer, Jörg |
| Término de relación [R] | editor |
| 9 (RLIN) | 93914 |
| 710 2# - ASIENTO SECUNDARIO - NOMBRE CORPORATIVO [R] | |
| Nombre corporativo o de jurisdicción como elemento de entrada [NR] | Senckenberg Gesellschaft für Naturforschung |
| 9 (RLIN) | 93915 |
| 942 ## - ELEMENTOS DE ENTRADA AGREGADOS (KOHA) | |
| Sistema de clasificación | DEWEY |
| Tema principal | Derecho |
| Tipo de ítem principal el descrito en 300a | Libro |
| Edición | 1 |
| Clasificación | 560.1 |
| Parte restante de la signatura top. | M584m |
| Signatura topográfica | Código de barras | Última vez visto | Ejemplar | Costo de reposición | Price effective from | Tipo de ítem | Nota pública (OPAC) | Perdido | Sistema de clasificación | Dañado | No prestable | Tipo de ítem específico | Suprimido | Ubicación habitual | Ubicación actual | Localización | Fecha de creación | Proveedor | Forma de adquisición | Costo |
|---|---|---|---|---|---|---|---|---|---|---|---|---|---|---|---|---|---|---|---|---|
| 560.1 M584m | 100158302 | 12/12/2025 | Ej.1 | 26000.00 | 26/09/2018 | Libro | Spot Ciencias Naturales | DEWEY | Libro | Quinta de Mutis | Quinta de Mutis | 3er piso | 26/09/2018 | 12 | Donación | 0.00 |